[Event "Odessa Galakhov Memorial"]
[Site "Odessa"]
[Date "2018.12.23"]
[Round "2"]
[White "Eingorn, Vereslav S"]
[Black "Drozdovskij, Yuri"]
[Result "0-1"]
[WhiteElo "2509"]
[BlackElo "2616"]
[PlyCount "48"]
[EventDate "2018.12.23"]
[EventType "tourn (blitz)"]
[EventRounds "11"]
[EventCountry "UKR"]
[EventCategory "7"]
[SourceTitle "CBM 188 Extra"]
[Source "ChessBase"]
[SourceDate "2019.02.26"]
[SourceVersion "1"]
[SourceVersionDate "2019.02.26"]
[SourceQuality "1"]

1. d4 Nf6 2. c4 e6 3. Nc3 Bb4 4. e3 c5 5. Nge2 cxd4 6. exd4 0-0 7. a3 Be7 8. Nf4 d5 9. cxd5 Nxd5 10. Ncxd5 exd5 11. Bd3 Nc6 12. 0-0 Bd6 13. Be3 Bxf4 14. Bxf4 Qf6 15. Be3 Bf5 16. Bb5 Rac8 17. Rc1 Na5 18. Qf3 Qe6 19. Qg3 Qb6 20. Rxc8 Rxc8 21. Rc1 Rxc1+ 22. Bxc1 h5 23. Bf1 Qxd4 24. Qc7 Qd1 0-1

[Event "FIDE World Cup"]
[Site "Khanty-Mansiysk"]
[Date "2011.08.29"]
[Round "1.2"]
[White "Motylev, Alexander"]
[Black "Drozdovskij, Yuri"]
[Result "1/2-1/2"]
[WhiteElo "2685"]
[BlackElo "2614"]
[PlyCount "74"]
[EventDate "2011.08.28"]
[EventType "k.o."]
[EventRounds "7"]
[EventCountry "RUS"]
[SourceTitle "CBM 145"]
[Source "ChessBase"]
[SourceDate "2011.11.11"]
[SourceVersion "1"]
[SourceVersionDate "2011.11.11"]
[SourceQuality "1"]

1. e4 c6 2. d4 d5 3. e5 Bf5 4. Nf3 e6 5. Be2 c5 6. Be3 cxd4 7. Nxd4 Ne7 8. Nd2 Nbc6 9. N2f3 Bg4 10. 0-0 Bxf3 11. Nxf3 Ng6 12. c4 dxc4 13. Bxc4 Qc7 14. Bb5 Be7 15. Qc2 0-0 16. Bxc6 bxc6 17. Qc3 Rfd8 18. Rfd1 a5 19. a3 Rxd1+ 20. Rxd1 Rd8 21. Rxd8+ Qxd8 22. Qd4 Qd5 23. Bd2 Bd8 24. Bc3 c5 25. Qa4 Kf8 26. Qc2 c4 27. Nd2 Nxe5 28. Qxh7 Bb6 29. Qh8+ Ke7 30. Qxg7 Nd3 31. Bf6+ Kd7 32. Qxf7+ Kc6 33. Bc3 Nxf2 34. Qf3 Ng4+ 35. Kh1 Nf2+ 36. Kg1 Ng4+ 37. Kh1 Nf2+ 1/2-1/2

[Event "Avoine op 26th"]
[Site "Avoine"]
[Date "2011.07.30"]
[Round "8"]
[White "Drozdovskij, Yuri"]
[Black "Nevednichy, Vladislav"]
[Result "1-0"]
[WhiteElo "2614"]
[BlackElo "2523"]
[PlyCount "79"]
[EventDate "2011.07.23"]
[EventType "swiss"]
[EventRounds "9"]
[EventCountry "FRA"]
[SourceTitle "EXT 2012"]
[Source "ChessBase"]
[SourceDate "2011.11.24"]
[SourceVersion "1"]
[SourceVersionDate "2011.11.24"]
[SourceQuality "1"]

1. d4 g6 2. Nf3 Bg7 3. c4 c5 4. d5 d6 5. e4 e6 6. Nc3 Ne7 7. Be2 0-0 8. 0-0 h6 9. dxe6 Bxe6 10. Bf4 Nc8 11. Qd2 g5 12. Bg3 Nc6 13. Rad1 a6 14. Nd5 b5 15. b3 Nd4 16. Nxd4 Bxd4 17. Kh1 bxc4 18. Bxc4 Ne7 19. Ne3 Ng6 20. Nf5 Bxf5 21. exf5 Ne7 22. Bd3 d5 23. f4 Bf6 24. Qe2 Kg7 25. fxg5 hxg5 26. Bc4 d4 27. Qe4 Ra7 28. Rd3 Qb6 29. Qg4 Rh8 30. Kg1 Ng8 31. Be1 Nh6 32. Qg3 Qc7 33. Bd2 Re8 34. Bf4 Qd8 35. Bxg5 Bxg5 36. f6+ Kh7 37. Qxg5 Rg8 38. Qh5 Rg6 39. Rh3 Rxf6 40. Bd3+ 1-0

[Event "Avoine op 26th"]
[Site "Avoine"]
[Date "2011.07.26"]
[Round "4"]
[White "Drozdovskij, Yuri"]
[Black "Shirazi, Kamran"]
[Result "1-0"]
[WhiteElo "2614"]
[BlackElo "2352"]
[PlyCount "77"]
[EventDate "2011.07.23"]
[EventType "swiss"]
[EventRounds "9"]
[EventCountry "FRA"]
[SourceTitle "EXT 2012"]
[Source "ChessBase"]
[SourceDate "2011.11.24"]
[SourceVersion "1"]
[SourceVersionDate "2011.11.24"]
[SourceQuality "1"]

1. d4 Nf6 2. c4 e6 3. Nc3 Bb4 4. e3 0-0 5. Bd3 c5 6. Nf3 d5 7. 0-0 cxd4 8. exd4 dxc4 9. Bxc4 b6 10. Bg5 Bb7 11. Bd3 Nc6 12. a3 Be7 13. Bc2 Ba6 14. Re1 Rc8 15. Qd2 Nd5 16. Nxd5 Qxd5 17. Rad1 Bxg5 18. Nxg5 h6 19. Nf3 Rfd8 20. Be4 Qd6 21. d5 exd5 22. Bxd5 Qf6 23. Qe3 Rd7 24. Qe8+ Rxe8 25. Rxe8+ Kh7 26. Be4+ g6 27. Rxd7 Bc4 28. h4 Kg7 29. Rc7 Bb5 30. Bd5 Nd8 31. Ree7 Qxb2 32. Bxf7 Kf6 33. Bd5 Qa1+ 34. Kh2 g5 35. h5 Kf5 36. Be4+ Kg4 37. Ne5+ Kf4 38. Ng6+ Kg4 39. f3+ 1-0

[Event "Bayern-chI Bank Hofmann 14th"]
[Site "Bad Wiessee"]
[Date "2010.10.31"]
[Round "3"]
[White "De Francesco, Klaus"]
[Black "Drozdovskij, Yuri"]
[Result "1/2-1/2"]
[WhiteElo "2290"]
[BlackElo "2608"]
[PlyCount "41"]
[EventDate "2010.10.30"]
[EventType "swiss"]
[EventRounds "9"]
[EventCountry "GER"]
[SourceTitle "EXT 2011"]
[Source "ChessBase"]
[SourceDate "2010.11.26"]
[SourceVersion "1"]
[SourceVersionDate "2010.11.26"]
[SourceQuality "1"]

1. d4 d5 2. c4 e6 3. Nf3 Nf6 4. Nc3 c6 5. cxd5 exd5 6. Bg5 Be7 7. Qc2 g6 8. e3 Bf5 9. Bd3 Bxd3 10. Qxd3 Nbd7 11. 0-0 0-0 12. a3 a5 13. Rac1 Re8 14. Qc2 Ne4 15. Nxe4 dxe4 16. Bxe7 Qxe7 17. Nd2 Nf6 18. Qc5 Nd5 19. Qxe7 Rxe7 20. Rc5 Re6 21. Rfc1 1/2-1/2

[Event "Borup op 5th"]
[Site "Borup"]
[Date "2010.09.11"]
[Round "8"]
[White "Tikkanen, Hans"]
[Black "Drozdovskij, Yuri"]
[Result "1/2-1/2"]
[WhiteElo "2507"]
[BlackElo "2608"]
[PlyCount "21"]
[EventDate "2010.09.03"]
[EventType "swiss"]
[EventRounds "9"]
[EventCountry "DEN"]
[SourceTitle "CBM 138 Extra"]
[Source "ChessBase"]
[SourceDate "2010.10.29"]
[SourceVersion "1"]
[SourceVersionDate "2010.10.29"]
[SourceQuality "1"]

1. d4 d5 2. c4 e6 3. Nc3 c6 4. cxd5 exd5 5. Bf4 Bd6 6. Bxd6 Qxd6 7. e3 Bf5 8. Bd3 Bxd3 9. Qxd3 Nf6 10. Nge2 0-0 11. 0-0 1/2-1/2

[Event "Borup op 5th"]
[Site "Borup"]
[Date "2010.09.10"]
[Round "6"]
[White "Kulaots, Kaido"]
[Black "Drozdovskij, Yuri"]
[Result "1/2-1/2"]
[WhiteElo "2592"]
[BlackElo "2608"]
[PlyCount "44"]
[EventDate "2010.09.03"]
[EventType "swiss"]
[EventRounds "9"]
[EventCountry "DEN"]
[SourceTitle "CBM 138 Extra"]
[Source "ChessBase"]
[SourceDate "2010.10.29"]
[SourceVersion "1"]
[SourceVersionDate "2010.10.29"]
[SourceQuality "1"]

1. e4 c6 2. d4 d5 3. Nc3 dxe4 4. Nxe4 Nd7 5. Ng5 Ngf6 6. Bd3 e6 7. N1f3 Bd6 8. Qe2 h6 9. Ne4 Nxe4 10. Qxe4 Qc7 11. 0-0 b6 12. Qg4 Kf8 13. Be3 Bb7 14. Rad1 Rd8 15. Qh4 Nf6 16. c4 c5 17. Be2 Ke7 18. Qh3 Be4 19. g3 Bf5 20. Qg2 Be4 21. Qh3 Bf5 22. Qg2 Be4 1/2-1/2

[Event "Kalamaria op 7th"]
[Site "Kalamaria"]
[Date "2010.08.29"]
[Round "5"]
[White "Atalik, Suat"]
[Black "Drozdovskij, Yuri"]
[Result "1/2-1/2"]
[WhiteElo "2607"]
[BlackElo "2624"]
[PlyCount "68"]
[EventDate "2010.08.25"]
[EventType "swiss"]
[EventRounds "9"]
[EventCountry "GRE"]
[SourceTitle "CBM 138 Extra"]
[Source "ChessBase"]
[SourceDate "2010.10.29"]
[SourceVersion "1"]
[SourceVersionDate "2010.10.29"]
[SourceQuality "1"]

1. d4 Nf6 2. c4 e6 3. Nf3 d5 4. g3 dxc4 5. Bg2 a6 6. Ne5 Bb4+ 7. Nc3 Nd5 8. Bd2 Nb6 9. e3 N8d7 10. Nxd7 Qxd7 11. Ne4 Qe7 12. Bxb4 Qxb4+ 13. Qd2 a5 14. 0-0 0-0 15. Rfc1 Qe7 16. Qc3 Rd8 17. Nd2 c5 18. Nxc4 cxd4 19. exd4 Nxc4 20. Qxc4 Qd6 21. Bf3 Rb8 22. Rd1 b6 23. Rac1 Bd7 24. Qc7 Qxc7 25. Rxc7 Rbc8 26. Rdc1 Kf8 27. Rxc8 Rxc8 28. Rxc8+ Bxc8 29. Kf1 Ke7 30. Ke2 Kd6 31. a3 Bd7 32. Ke3 Bb5 33. Be4 h6 34. h4 g5 1/2-1/2

[Event "Arctic Chess Challenge"]
[Site "Tromsoe"]
[Date "2010.08.04"]
[Round "5"]
[White "Radulski, Julian"]
[Black "Drozdovskij, Yuri"]
[Result "1-0"]
[WhiteElo "2574"]
[BlackElo "2624"]
[PlyCount "141"]
[EventDate "2010.07.31"]
[EventType "swiss"]
[EventRounds "9"]
[EventCountry "NOR"]
[SourceTitle "CBM 137 Extra"]
[Source "ChessBase"]
[SourceDate "2010.09.01"]
[SourceVersion "1"]
[SourceVersionDate "2010.09.01"]
[SourceQuality "1"]

1. e4 c6 2. d4 d5 3. Nc3 dxe4 4. Nxe4 Nd7 5. Bc4 Ngf6 6. Ng5 e6 7. Qe2 Nb6 8. Bd3 h6 9. N5f3 c5 10. dxc5 Bxc5 11. Ne5 Nbd7 12. Ngf3 Nxe5 13. Nxe5 0-0 14. 0-0 b6 15. Bf4 Bb7 16. Rad1 Qe7 17. a3 Rfd8 18. Bg3 Rac8 19. Rfe1 a5 20. Rd2 Rd5 21. Red1 Ba8 22. c4 Rdd8 23. Kh1 Qb7 24. f3 Be7 25. b4 axb4 26. axb4 Nh5 27. Be4 Qa7 28. Bb1 Rxd2 29. Qxd2 Qc7 30. Qc2 f5 31. Qe2 Nxg3+ 32. hxg3 Rd8 33. Rxd8+ Bxd8 34. Nd3 Kf7 35. g4 Bf6 36. gxf5 exf5 37. c5 Qg3 38. Qa2+ Kg6 39. Qc4 b5 40. Nf4+ Kh7 41. Bxf5+ Kh8 42. Qe6 Qh4+ 43. Nh3 Qc4 44. Qxc4 bxc4 45. b5 c3 46. Nf4 g5 47. Ne2 Bd5 48. c6 Be5 49. Bd7 Bc4 50. Nxc3 Bc7 51. Bc8 Ba5 52. Ne4 Bxb5 53. Bb7 Kg8 54. Nd6 Ba4 55. Ne8 Kf7 56. c7 Bd7 57. Nd6+ Ke7 58. c8Q Bxc8 59. Nxc8+ Kd7 60. Na7 h5 61. Be4 Ke6 62. Bg6 h4 63. Kh2 Kf6 64. Bc2 Bb6 65. Nc6 Bc7+ 66. Kh3 Bd6 67. Kg4 Bc5 68. Bf5 Be3 69. Nb8 Bc1 70. Nd7+ Ke7 71. Nc5 1-0

[Event "Arctic Chess Challenge"]
[Site "Tromsoe"]
[Date "2010.08.01"]
[Round "2"]
[White "Drozdovskij, Yuri"]
[Black "Welling, Gerard J"]
[Result "1-0"]
[WhiteElo "2624"]
[BlackElo "2352"]
[PlyCount "117"]
[EventDate "2010.07.31"]
[EventType "swiss"]
[EventRounds "9"]
[EventCountry "NOR"]
[SourceTitle "CBM 137 Extra"]
[Source "ChessBase"]
[SourceDate "2010.09.01"]
[SourceVersion "1"]
[SourceVersionDate "2010.09.01"]
[SourceQuality "1"]

1. d4 g6 2. c4 Bg7 3. Nf3 d6 4. g3 e5 5. Nc3 exd4 6. Nxd4 Ne7 7. Bg2 Nbc6 8. Nc2 0-0 9. Qd2 a5 10. b3 a4 11. Rb1 axb3 12. axb3 Nf5 13. e3 Re8 14. 0-0 h5 15. Bb2 h4 16. Nd5 hxg3 17. hxg3 Bxb2 18. Rxb2 Be6 19. e4 Ng7 20. Nce3 Bxd5 21. cxd5 Ne5 22. Rc2 Nh5 23. Qc3 Qf6 24. Nc4 Nxc4 25. Qxc4 Re7 26. Qb4 Ra1 27. Qxb7 Rxf1+ 28. Bxf1 Qf3 29. Qa8+ Kh7 30. Qf8 Rd7 31. Ra2 Qxe4 32. Re2 Qd4 33. Qc8 Nf6 34. Re3 Kg7 35. Bc4 Qg4 36. Kg2 Qh5 37. f3 Qh8 38. Qxh8+ Kxh8 39. Bb5 Rd8 40. Re7 Rb8 41. Bc4 Kg7 42. Rxc7 Kf8 43. Kf2 g5 44. Ke3 Re8+ 45. Kd3 Nh5 46. b4 Nxg3 47. b5 Rb8 48. Rc6 Nf5 49. b6 Nh4 50. Ba6 Ke7 51. Ke3 Ng6 52. b7 Ne5 53. Rc7+ Kf6 54. Bb5 Kg6 55. Bc6 Nc4+ 56. Kd4 Na5 57. Rc8 Rxb7 58. Bxb7 Nxb7 59. Rc7 1-0

[Event "Arctic Chess Challenge"]
[Site "Tromsoe"]
[Date "2010.07.31"]
[Round "1"]
[White "Kvisla, Johannes Luangtep"]
[Black "Drozdovskij, Yuri"]
[Result "0-1"]
[WhiteElo "2163"]
[BlackElo "2624"]
[PlyCount "48"]
[EventDate "2010.07.31"]
[EventType "swiss"]
[EventRounds "9"]
[EventCountry "NOR"]
[SourceTitle "CBM 137 Extra"]
[Source "ChessBase"]
[SourceDate "2010.09.01"]
[SourceVersion "1"]
[SourceVersionDate "2010.09.01"]
[SourceQuality "1"]

1. e4 e6 2. b3 d5 3. Bb2 Nf6 4. e5 Nfd7 5. c4 Nb6 6. Nf3 c5 7. d3 Nc6 8. cxd5 exd5 9. d4 cxd4 10. Nxd4 Bb4+ 11. Nd2 Nxe5 12. Bb5+ Bd7 13. 0-0 0-0 14. Re1 Re8 15. f4 Ng4 16. Rxe8+ Qxe8 17. Nf1 Nf6 18. Nf5 Bc5+ 19. Kh1 Ne4 20. Bd4 Bxb5 21. Nxg7 Bxd4 22. Qxd4 Qc6 23. Nh5 Qc3 24. Nf6+ Kh8 0-1

[Event "Balaguer op 15th"]
[Site "Balaguer"]
[Date "2010.07.26"]
[Round "8"]
[White "Corrales Jimenez, Fidel"]
[Black "Drozdovskij, Yuri"]
[Result "1/2-1/2"]
[WhiteElo "2574"]
[BlackElo "2624"]
[PlyCount "91"]
[EventDate "2010.07.19"]
[EventType "swiss"]
[EventRounds "9"]
[EventCountry "ESP"]
[SourceTitle "CBM 137 Extra"]
[Source "ChessBase"]
[SourceDate "2010.09.01"]
[SourceVersion "1"]
[SourceVersionDate "2010.09.01"]
[SourceQuality "1"]

1. e4 c6 2. d4 d5 3. Nc3 dxe4 4. Nxe4 Nd7 5. Ng5 Ngf6 6. Bd3 e6 7. N1f3 Bd6 8. Qe2 h6 9. Ne4 Nxe4 10. Qxe4 Qc7 11. 0-0 b6 12. Qg4 Kf8 13. Qh4 Bb7 14. Re1 c5 15. Be4 Bxe4 16. Qxe4 Rd8 17. dxc5 Nxc5 18. Qe2 Kg8 19. a3 Nd7 20. h3 Nf6 21. c4 Kh7 22. b4 Rhe8 23. Bb2 a5 24. Be5 Bxe5 25. Nxe5 axb4 26. axb4 Rd4 27. Qc2+ Kg8 28. Qa4 Rc8 29. b5 Nd7 30. Nc6 Nc5 31. Qc2 Rd7 32. Ra7 Qd6 33. Rxd7 Qxd7 34. Rd1 Qc7 35. Qd2 Ra8 36. h4 f6 37. h5 Qf7 38. Qe2 f5 39. Ne5 Qf6 40. Ng6 Rd8 41. g3 Kh7 42. Rxd8 Qxd8 43. Qe5 Qd1+ 44. Kg2 Nd3 45. Nf8+ Kg8 46. Qxe6+ 1/2-1/2

[Event "Balaguer op 15th"]
[Site "Balaguer"]
[Date "2010.07.21"]
[Round "3"]
[White "Fluvia Poyatos, Jordi"]
[Black "Drozdovskij, Yuri"]
[Result "1/2-1/2"]
[WhiteElo "2467"]
[BlackElo "2624"]
[PlyCount "69"]
[EventDate "2010.07.19"]
[EventType "swiss"]
[EventRounds "9"]
[EventCountry "ESP"]
[SourceTitle "CBM 137 Extra"]
[Source "ChessBase"]
[SourceDate "2010.09.01"]
[SourceVersion "1"]
[SourceVersionDate "2010.09.01"]
[SourceQuality "1"]

1. d4 Nf6 2. c4 e6 3. g3 d5 4. Bg2 a6 5. Nf3 dxc4 6. Ne5 Bb4+ 7. Nc3 Nd5 8. Bd2 Nb6 9. e3 N8d7 10. Nxd7 Qxd7 11. Ne4 Qe7 12. 0-0 0-0 13. Qc2 a5 14. a3 Bd6 15. Bc3 Nd5 16. Bd2 b5 17. Rfc1 a4 18. Nxd6 cxd6 19. e4 Nb6 20. e5 Bb7 21. exd6 Qd7 22. Bxb7 Qxb7 23. Bb4 Rfd8 24. Re1 Nc8 25. d5 Qxd5 26. Rad1 Qc6 27. Qd2 Nb6 28. Bc3 Nd5 29. Bxg7 Kxg7 30. Qg5+ Kh8 31. Rxe6 fxe6 32. Qe5+ Kg8 33. Qxe6+ Kh8 34. Qe5+ Kg8 35. Qe6+ 1/2-1/2

[Event "TUR-chT"]
[Site "Konya"]
[Date "2010.06.30"]
[Round "3"]
[White "Drozdovskij, Yuri"]
[Black "Miroshnichenko, Evgenij"]
[Result "1/2-1/2"]
[WhiteElo "2625"]
[BlackElo "2684"]
[PlyCount "61"]
[EventDate "2010.06.29"]
[EventType "team-tourn"]
[EventRounds "13"]
[EventCountry "TUR"]
[SourceTitle "CBM 137 Extra"]
[Source "ChessBase"]
[SourceDate "2010.09.01"]
[SourceVersion "1"]
[SourceVersionDate "2010.09.01"]
[SourceQuality "1"]

1. d4 Nf6 2. c4 e6 3. Nc3 Bb4 4. e3 0-0 5. Nge2 d5 6. a3 Be7 7. Nf4 c6 8. Bd3 Nbd7 9. 0-0 dxc4 10. Bxc4 Nb6 11. Bb3 c5 12. dxc5 Bxc5 13. Nd3 Be7 14. e4 Bd7 15. Be3 Rc8 16. Ne5 Qc7 17. Nxd7 Nfxd7 18. Qe2 a6 19. Rfd1 Bc5 20. Bxc5 Nxc5 21. Ba2 Nca4 22. Nxa4 Nxa4 23. Bb3 Nc5 24. Ba2 Rfd8 25. e5 Rxd1+ 26. Rxd1 Rd8 27. Rc1 Qb6 28. Bc4 Nb3 29. Bxb3 Qxb3 30. g3 g6 31. h4 1/2-1/2

[Event "TUR-chT"]
[Site "Konya"]
[Date "2010.06.29"]
[Round "1"]
[White "Borovikov, Vladislav"]
[Black "Drozdovskij, Yuri"]
[Result "1-0"]
[WhiteElo "2599"]
[BlackElo "2625"]
[PlyCount "53"]
[EventDate "2010.06.29"]
[EventType "team-tourn"]
[EventRounds "13"]
[EventCountry "TUR"]
[SourceTitle "CBM 137 Extra"]
[Source "ChessBase"]
[SourceDate "2010.09.01"]
[SourceVersion "1"]
[SourceVersionDate "2010.09.01"]
[SourceQuality "1"]

1. d4 Nf6 2. Nf3 d5 3. c4 e6 4. Nc3 dxc4 5. e4 Bb4 6. Bg5 c5 7. Bxc4 cxd4 8. Nxd4 Bxc3+ 9. bxc3 Qa5 10. Bb5+ Nbd7 11. Bxf6 Qxc3+ 12. Kf1 gxf6 13. h4 a6 14. Rh3 Qb4 15. Be2 Ne5 16. Rb3 Qd6 17. Rc1 b5 18. Qd2 Bb7 19. Rd1 Bxe4 20. Qf4 Bd5 21. Qxf6 Ng6 22. Rg3 Kd7 23. Nf5 exf5 24. Qxf5+ Qe6 25. Rxd5+ Kc7 26. Rc3+ Kb8 27. Rxb5+ 1-0

[Event "World Cup ACP 4th"]
[Site "Odessa"]
[Date "2010.05.27"]
[Round "1.2"]
[White "Drozdovskij, Yuri"]
[Black "Karjakin, Sergey"]
[Result "1-0"]
[WhiteElo "2625"]
[BlackElo "2739"]
[PlyCount "89"]
[EventDate "2010.05.27"]
[EventType "k.o. (rapid)"]
[EventRounds "4"]
[EventCountry "UKR"]
[SourceTitle "CBM 136 Extra"]
[Source "ChessBase"]
[SourceDate "2010.07.02"]
[SourceVersion "2"]
[SourceVersionDate "2010.07.15"]
[SourceQuality "1"]

1. d4 Nf6 2. c4 e6 3. Nf3 d5 4. Nc3 c6 5. e3 Nbd7 6. b3 Bd6 7. Bb2 0-0 8. Bd3 e5 9. cxd5 cxd5 10. dxe5 Nxe5 11. Be2 Nxf3+ 12. Bxf3 Be5 13. 0-0 Bf5 14. Qe2 Re8 15. Nb5 Bxb2 16. Qxb2 Bd3 17. Be2 Bxe2 18. Qxe2 a6 19. Nd4 Rc8 20. Rac1 Qd6 21. Qb2 g6 22. h3 Ne4 23. Rc2 Qf6 24. Rfc1 Rxc2 25. Rxc2 Re7 26. Rc8+ Kg7 27. f3 Nd6 28. Nf5+ Nxf5 29. Rg8+ Kxg8 30. Qxf6 Rxe3 31. g4 Ne7 32. Qb6 Re6 33. Qxb7 g5 34. b4 d4 35. Qb8+ Kg7 36. Qd8 Nc6 37. Qxg5+ Kf8 38. Qc5+ Ke8 39. a4 d3 40. Qd5 Ne5 41. f4 Nf3+ 42. Kf2 Ne1 43. f5 Re2+ 44. Kf1 Re3 45. Qa8+ 1-0

[Event "World Cup ACP 4th"]
[Site "Odessa"]
[Date "2010.05.27"]
[Round "1.4"]
[White "Drozdovskij, Yuri"]
[Black "Karjakin, Sergey"]
[Result "0-1"]
[WhiteElo "2625"]
[BlackElo "2739"]
[PlyCount "72"]
[EventDate "2010.05.27"]
[EventType "k.o. (rapid)"]
[EventRounds "4"]
[EventCountry "UKR"]
[SourceTitle "CBM 136 Extra"]
[Source "ChessBase"]
[SourceDate "2010.07.02"]
[SourceVersion "2"]
[SourceVersionDate "2010.07.15"]
[SourceQuality "1"]

1. d4 Nf6 2. c4 e6 3. Nf3 b6 4. g3 Ba6 5. b3 Bb4+ 6. Bd2 Be7 7. Bg2 c6 8. 0-0 d5 9. Qc2 0-0 10. Rd1 Nbd7 11. a4 c5 12. Na3 Bb7 13. Qb2 Ne4 14. Be1 Bf6 15. e3 a6 16. b4 Rb8 17. Rac1 Qe7 18. Ne5 Rfd8 19. f4 g6 20. Qb1 Bg7 21. bxc5 bxc5 22. Ba5 Rdc8 23. Qd3 Nxe5 24. fxe5 Bh6 25. Rb1 Bc6 26. Rf1 Bxa4 27. cxd5 exd5 28. Bh3 c4 29. Bxc8 Rxc8 30. Nxc4 Rxc4 31. Rb8+ Be8 32. Qb3 Qe6 33. Kg2 Rc8 34. Qb7 Rc2+ 35. Kh1 Nxg3+ 36. Kg1 Bxe3+ 0-1

[Event "World Cup ACP 4th"]
[Site "Odessa"]
[Date "2010.05.27"]
[Round "1.1"]
[White "Karjakin, Sergey"]
[Black "Drozdovskij, Yuri"]
[Result "1-0"]
[WhiteElo "2739"]
[BlackElo "2625"]
[PlyCount "81"]
[EventDate "2010.05.27"]
[EventType "k.o. (rapid)"]
[EventRounds "4"]
[EventCountry "UKR"]
[SourceTitle "CBM 136 Extra"]
[Source "ChessBase"]
[SourceDate "2010.07.02"]
[SourceVersion "2"]
[SourceVersionDate "2010.07.15"]
[SourceQuality "1"]

1. e4 e6 2. d4 d5 3. Nc3 dxe4 4. Nxe4 Nd7 5. Nf3 Ngf6 6. Bd3 c5 7. 0-0 Nxe4 8. Bxe4 Nf6 9. Bg5 cxd4 10. Nxd4 Be7 11. Bf3 0-0 12. Qd3 Qb6 13. Rad1 Rd8 14. Be3 Qa5 15. Qb5 Qc7 16. Qb3 a6 17. Nf5 Rxd1 18. Nxe7+ Qxe7 19. Rxd1 h6 20. c4 e5 21. Qb6 Bg4 22. Bxg4 Nxg4 23. Bc5 Qe6 24. Qxb7 Rc8 25. b4 e4 26. h3 Ne5 27. Qxe4 Nxc4 28. Qxe6 fxe6 29. Rd4 Na3 30. Rd7 Nc2 31. Ra7 Rc6 32. a4 e5 33. a5 Kh7 34. Rb7 Nd4 35. Rb6 Rc8 36. Rxa6 Nb3 37. Be3 Rb8 38. Rb6 Ra8 39. a6 Na1 40. b5 Nc2 41. Bc5 1-0

[Event "Odessa ACP Qual"]
[Site "Odessa"]
[Date "2010.04.30"]
[Round "4.2"]
[White "Drozdovskij, Yuri"]
[Black "Golubev, Mikhail"]
[Result "0-1"]
[WhiteElo "2627"]
[BlackElo "2492"]
[PlyCount "74"]
[EventDate "2010.04.27"]
[EventType "k.o. (rapid)"]
[EventRounds "4"]
[EventCountry "UKR"]
[SourceTitle "EXT 2011"]
[Source "ChessBase"]
[SourceDate "2010.11.26"]
[SourceVersion "1"]
[SourceVersionDate "2010.11.26"]
[SourceQuality "1"]

1. d4 Nf6 2. c4 g6 3. g3 Bg7 4. Bg2 0-0 5. Nf3 d6 6. 0-0 Nc6 7. Nc3 Bf5 8. b3 e5 9. d5 Ne7 10. Nh4 Bd7 11. e4 h6 12. Bb2 g5 13. Nf3 Ng6 14. Ne1 h5 15. Nc2 h4 16. Ne3 g4 17. Nf5 Qc8 18. Nxg7 Kxg7 19. f4 gxf3 20. Qxf3 Nh7 21. Qe3 f6 22. gxh4 Kh8 23. Qh6 Rg8 24. Rxf6 Bh3 25. Rxg6 Rxg6 26. Qxg6 Qd7 27. Qg3 Rg8 28. Bxh3 Qxh3 29. Ne2 Nf6 30. Qxg8+ Kxg8 31. Ng3 Ng4 32. Nf1 Qxh4 33. Ba3 Qf2+ 34. Kh1 Qf3+ 35. Kg1 Nf2 36. h4 Nh3+ 37. Kh2 Nf4 0-1

[Event "Odessa ACP Qual"]
[Site "Odessa"]
[Date "2010.04.30"]
[Round "4.4"]
[White "Drozdovskij, Yuri"]
[Black "Golubev, Mikhail"]
[Result "1-0"]
[WhiteElo "2627"]
[BlackElo "2492"]
[PlyCount "51"]
[EventDate "2010.04.27"]
[EventType "k.o. (rapid)"]
[EventRounds "4"]
[EventCountry "UKR"]
[SourceTitle "EXT 2011"]
[Source "ChessBase"]
[SourceDate "2010.11.26"]
[SourceVersion "1"]
[SourceVersionDate "2010.11.26"]
[SourceQuality "1"]

1. d4 Nf6 2. c4 g6 3. g3 Bg7 4. Bg2 0-0 5. Nf3 d6 6. 0-0 Nc6 7. Nc3 Bf5 8. b3 e5 9. d5 Ne7 10. Nh4 Bc8 11. e4 c5 12. Qc2 Ne8 13. f4 exf4 14. Bxf4 h6 15. Bd2 g5 16. Nf5 Nxf5 17. exf5 Bd4+ 18. Kh1 Nf6 19. Rae1 Bd7 20. Ne2 Be5 21. Ng1 Be8 22. Nf3 Nd7 23. Nxe5 dxe5 24. f6 Nxf6 25. Qf5 Nh5 26. Be4 1-0

[Event "Odessa ACP Qual"]
[Site "Odessa"]
[Date "2010.04.30"]
[Round "4.3"]
[White "Golubev, Mikhail"]
[Black "Drozdovskij, Yuri"]
[Result "0-1"]
[WhiteElo "2492"]
[BlackElo "2627"]
[PlyCount "92"]
[EventDate "2010.04.27"]
[EventType "k.o. (rapid)"]
[EventRounds "4"]
[EventCountry "UKR"]
[SourceTitle "EXT 2011"]
[Source "ChessBase"]
[SourceDate "2010.11.26"]
[SourceVersion "1"]
[SourceVersionDate "2010.11.26"]
[SourceQuality "1"]

1. e4 c6 2. d4 d5 3. Nc3 dxe4 4. Nxe4 Nd7 5. Bd3 Ngf6 6. Ng5 e6 7. N1f3 Bd6 8. Qe2 h6 9. Ne4 Nxe4 10. Qxe4 Nf6 11. Qh4 Ke7 12. Ne5 Bxe5 13. dxe5 Qa5+ 14. Bd2 Qxe5+ 15. Be3 b6 16. 0-0-0 Rd8 17. Rhe1 Qa5 18. a3 Bb7 19. Bc4 Qh5 20. Qg3 Ne8 21. f4 c5 22. Be2 Rxd1+ 23. Bxd1 Qg6 24. Qf2 Qxg2 25. Qh4+ Kf8 26. f5 exf5 27. Bh5 Be4 28. Re2 Qf1+ 29. Re1 Qc4 30. Re2 Qa2 31. Bxh6 Qa1+ 32. Kd2 Qxb2 33. Rxe4 fxe4 34. Bg5 Qd4+ 35. Ke2 e3 36. Bg4 Qd2+ 37. Kf3 Qf2+ 38. Qxf2 exf2 39. Kxf2 f6 40. Bf4 Rd8 41. h4 Rd4 42. Ke3 Ra4 43. h5 Rxa3+ 44. Ke4 Ke7 45. Bb8 Ra4+ 46. Kf5 Nd6+ 0-1